000
00310 a2200121 4500
005
20250630144156.0
020
_a
9789978974252
082
_a
336.2 MIS
245
_a
Principles of Economics and Taxation
260
_a
Dodoma
_b
Inter press of(T)Ltd
_c
2014.
300
_a
x,139p.
_b
Reference
_c
22cm.
942
_2
ddc
_c
BKS
999
_c
6479
_d
6479